FASHION INDIA (Record no. 17217)

MARC details
000 -LEADER
fixed length control field 00288nam a22001337a 4500
003 - CONTROL NUMBER IDENTIFIER
control field SGT
020 ## - INTERNATIONAL STANDARD BOOK NUMBER
International Standard Book Number 978-0-500-29201-3
082 ## - DEWEY DECIMAL CLASSIFICATION NUMBER
Classification number 746.92
Item number F15J
100 ## - MAIN ENTRY--PERSONAL NAME
Personal name JAY, PHYLLIDA
245 ## - TITLE STATEMENT
Title FASHION INDIA
260 ## - PUBLICATION, DISTRIBUTION, ETC. (IMPRINT)
Place of publication, distribution, etc LONDON
Name of publisher, distributor, etc THAMES & HUSON
Year of Publication 2015
300 ## - PAGE DESCRIPTION
No. of Pages 256
942 ## - ADDED ENTRY ELEMENTS (KOHA)
Source of classification or shelving scheme Dewey Decimal Classification
Koha item type Books
942 ## - ADDED ENTRY ELEMENTS (KOHA)
-- 1
Holdings
Withdrawn status Lost status Source of classification or shelving scheme Damaged status Not for loan Home library Current library Shelving location Date acquired Vendor Name Cost, normal purchase price SGTU Bill Number Total Checkouts Full call number Accession No. (Barcode) Date last seen Date last borrowed Bill Date Koha item type
    Dewey Decimal Classification     SGT Science & Social Sciences Library SGT Science & Social Sciences Library Text Book 29/03/2019 PANKAJ PUB. 1800.00 SGTU 4321 3 746.92 F15J FF617 17/11/2021 30/10/2021 07/03/2019 Books